000 00604nam a2200229Ia 4500
003 OSt
005 20221007075938.0
006 a|||||r|||| 00| 0
007 ta
008 221006b |||||||| |||| 00| 0 eng d
024 _a15,313
037 _cTextual
040 _aFLL
_cFLL
_beng
041 _2eng
_aeng
082 _aX:9H1.2.N7, L6
100 _aPandey S.M. Au.
_9686532
245 0 _aRural labour in India
260 _aNew Delhi
_bS.R.C.Pub. India
_c1976
300 _axi,293p
_ccm.
942 _hX:9H1.2.N7, L6
_cTEXL
_2CC
999 _c1157905
_d1157905